'Zone' Phrases Quiz Stats

 Plays Quiz Updated Jun 14, 2015

Score 0/18 Timer 03:00
1 Play Today
% Correct
Time Zone
91.6%
No-Fly Zone
91.3%
Construction Zone
90.2%
Twilight Zone
88.9%
Euro Zone
88.7%
Erogenous Zone
88.4%
War Zone
86.2%
Drop Zone
85.2%
Comfort Zone
85%
% Correct
Strike Zone
84.4%
End Zone
82.8%
Danger Zone
81.9%
Demilitarized Zone
81.8%
Free Zone
72.8%
Dead Zone
62%
Red Zone
54.3%
Buffer Zone
47.2%
Green Zone
45.2%

You're not logged in!

Compare scores with friends on all Sporcle quizzes.
OR
Log In

Show Comments

Extras

Top Quizzes Today


Score Distribution

Your Account Isn't Verified!

In order to create a playlist on Sporcle, you need to verify the email address you used during registration. Go to your Sporcle Settings to finish the process.

Report this User

Report this user for behavior that violates our Community Guidelines.

Details: